000 00410nam a2200145 4500
001 149055
003 ES-MaACL
007 t|
008 070214s1971 xxk r ||||1| eng d
100 1 _aSvensson, Arne.
_9108901
245 1 0 _aJapan /
_cby Arne Svensson.
260 _aLondon [etc.] :
_bA. Zwemmer [etc.],
_c[1971]
300 _a189 p., 2 lám. col. :
_bil. ;
_c20 cm.
852 _aES-MaACL
_jE-5660
_bR.89924
999 _c149055
_d149055